Personal narrative of travels to the Equinoctial regions of America during the years 1799-1804.
Gardado en:
| Autor Principal: | |
|---|---|
| Formato: | Libro |
| Idioma: | inglés |
| Publicado: |
London, England, United Kingdom
Henry G. Bohn,
1852
|
| Subjects: | |
| Tags: |
Engadir etiqueta
Sen Etiquetas, Sexa o primeiro en etiquetar este rexistro!
|
MARC
| LEADER | 00000nam a2200000 a 4500 | ||
|---|---|---|---|
| 001 | UCJ6843 | ||
| 003 | CL-VaPUC | ||
| 005 | 20250227100136.0 | ||
| 008 | 070124e18520000UK |||||||||||||||||eng|d | ||
| 999 | |c 322945 |d 322943 | ||
| 040 | |c Pontificia Universidad Católica de Valparaíso | ||
| 082 | 0 | 4 | |a 910.4 HUM 1852 |2 21 |
| 100 | 0 | |a Humboldt, Federico Enrique Alejandro, Barón de |9 509244 | |
| 245 | 1 | 0 | |a Personal narrative of travels to the Equinoctial regions of America during the years 1799-1804. |
| 260 | 0 | 3 | |a London, England, United Kingdom |b Henry G. Bohn, |c 1852 |
| 300 | |a 3 volúmenes. | ||
| 583 | |a last modification |c 20070124 00:00:00 |k Rodrigo Vera | ||
| 600 | 0 | 7 | |a BONPLAND, AIME |2 CL-VaPUC |9 514179 |
| 650 | 0 | |a Viajes |9 257115 | |
| 650 | 0 | |a Expediciones científicas |9 265222 | |
| 650 | 0 | |a Aborígenes |9 329972 | |
| 650 | 0 | |a Misioneros |9 324171 | |
| 650 | 0 | |a Geología |9 260984 | |
| 650 | 7 | |a TEMBLORES Y TERREMOTOS |2 CL-VaPUC |9 513073 | |
| 650 | 0 | |a Esclavos |9 258558 | |
| 651 | 0 | |a Venezuela |9 254993 | |
| 651 | 7 | |a GUYANA |2 CL-VaPUC |9 356017 | |
| 651 | 0 | |a Brasil |9 267393 | |
| 651 | 7 | |a CUBA |2 CL-VaPUC |9 255263 | |
| 942 | |c BK |2 ddc | ||
| 945 | |d 20070124 00:00:00 |a rinostro | ||
| 952 | |0 0 |1 0 |2 ddc |4 0 |6 910_400000000000000_HUM_1852 |7 0 |8 X |9 402119 |a FDOBUD |b FDOBUD |d 2019-11-22 |h v.1 |i 1053701 |o 910.4 HUM 1852 |p 1053701 |r 2019-11-22 |t 1 |w 2019-11-22 |y BK_X |k BUD | ||
| 952 | |0 0 |1 0 |2 ddc |4 0 |6 910_400000000000000_HUM_1852 |7 0 |8 X |9 402120 |a FDOBUD |b FDOBUD |d 2019-11-22 |h v.1 |i 1053736 |o 910.4 HUM 1852 |p 1053736 |r 2019-11-22 |t 2 |w 2019-11-22 |y BK_X |k BUD | ||
| 952 | |0 0 |1 0 |2 ddc |4 0 |6 910_400000000000000_HUM_1852 |7 0 |8 X |9 402121 |a FDOBUD |b FDOBUD |d 2019-11-22 |h v.2 |i 105371K |o 910.4 HUM 1852 |p 105371K |r 2019-11-22 |t 1 |w 2019-11-22 |y BK_X |k BUD | ||
| 952 | |0 0 |1 0 |2 ddc |4 0 |6 910_400000000000000_HUM_1852 |7 0 |8 X |9 402122 |a FDOBUD |b FDOBUD |d 2019-11-22 |h v.3 |i 1053728 |o 910.4 HUM 1852 |p 1053728 |r 2019-11-22 |t 1 |w 2019-11-22 |y BK_X |k BUD | ||